|
|
|
|
| LEADER |
00000cam a2200000 a 4500 |
| 001 |
vtls001280943 |
| 003 |
SK-MaSNL |
| 005 |
20260301104618.0 |
| 008 |
240226s1969 xo frn 001 0 slo |
| 015 |
|
|
|a SNBA1969
|
| 020 |
|
|
|q (viazané)
|
| 035 |
|
|
|a SNK000232341
|
| 035 |
|
|
|a C8C53C0D-450D-4323-9E11-748C979F6A05
|
| 035 |
|
|
|a urn:nbn:sk:snk-am00icw7
|
| 040 |
|
|
|a SNK
|b slo
|c SNK
|e AACR2
|
| 041 |
0 |
|
|a slo
|b eng
|
| 044 |
|
|
|a xo
|c SK
|
| 072 |
|
7 |
|a 811.162.4
|x Slovenčina
|2 konspekt
|
| 072 |
|
7 |
|a 81
|x Lingvistika. Jazyky
|2 konspekt
|
| 080 |
|
|
|a 811.162.4
|2 2011
|
| 080 |
|
|
|a 811.162.4'271.12
|2 2011
|
| 080 |
|
|
|a (048.8)
|2 2011
|
| 100 |
1 |
|
|a Ondrus, Pavel,
|d 1919-1980
|4 aut
|9 192048
|
| 245 |
1 |
0 |
|a Číslovky v súčasnej spisovnej slovenčine
|c Pavel Ondrus
|
| 250 |
|
|
|a 1. vyd.
|
| 260 |
|
|
|a Bratislava
|b Univerzita Komenského
|c 1969
|
| 300 |
|
|
|a 147 strán
|c 23 cm
|
| 366 |
|
|
|e 1000 kusov
|
| 500 |
|
|
|a Titulný dvojlist
|
| 504 |
|
|
|a Bibliografia na strane 121-125. Vecný register
|
| 546 |
|
|
|a Text slovensky, resumé anglicky
|
| 650 |
0 |
7 |
|a slovenčina
|2 SNKPH
|9 1350
|
| 650 |
0 |
7 |
|a číslovky
|2 SNKPH
|9 1327
|
| 650 |
0 |
7 |
|a spisovná slovenčina
|2 SNKPH
|9 66941
|
| 655 |
|
7 |
|a monografie
|2 SNKPH
|9 70139
|
| 852 |
|
|
|a Slovenská národná knižnica
|
| 954 |
|
|
|a odborná, vedecká literatúra pôvodná (slovenská)
|2 lita
|
| 958 |
|
|
|a RK
|
| 958 |
|
|
|a TL
|
| 958 |
|
|
|a OND
|
| 958 |
|
|
|a NB
|
| 958 |
|
|
|a EUIPO
|
| 999 |
|
|
|c 698608
|d 700538
|
| 952 |
|
|
|a SNK
|b SNK
|y VYP
|7 0
|p 17A0056791
|o snkSC 25576 D1
|0 0
|1 0
|4 0
|d 1997-03-24
|l 0
|r 2005-01-02 00:00:00
|w 2026-02-23
|
| 952 |
|
|
|a SNK
|b SNK
|y PREZ
|7 0
|p 17A0931919
|o snkSC 25576
|i snkKSP 1385/70
|0 0
|1 0
|4 0
|d 2012-08-28
|f 1
|l 0
|r 2026-02-23 20:49:24
|w 2026-02-23
|